00430nam a2200169Ia 4500003000400000005001700004008004100021020001400062050002200076100002100098245004600119260003500165300003900200440000600239521000700245526000800252OSt20140319133701.0140130s9999 xx 000 0 und d a059004320 aPZ 73b.T376 1997 aTello, Por Jerry cPor Jerry TelloaAbuelo y Los Tres Osos / bScholastic,c1997.aNew York : a16, 16 p. : bcol. ill. ;c26 cm. v1 aG4 c620